La democracia controvertida. Debates y acuerdos en la teoría democrática contemporánea
Kaydedildi:
| Yazar: | |
|---|---|
| Diğer Yazarlar: | , , , , , , , , |
| Materyal Türü: | Bilinmiyor |
| Baskı/Yayın Bilgisi: |
Buenos Aires:
CLACSO. CEAA
|
| Seri Bilgileri: | Colección Sur/Sur
|
| Konular: | |
| Etiketler: |
Etiketle
Etiket eklenmemiş, İlk siz ekleyin!
|
MARC
| LEADER | 00000 a2200000 04500 | ||
|---|---|---|---|
| 001 | 34490 | ||
| 003 | cru CIDCACS/IIS | ||
| 005 | 20200925161347.0 | ||
| 008 | 991231s d | ||
| 020 | |a 9871183607 | ||
| 040 | |c CRAI/IIS |a CRAI/IIS | ||
| 090 | |a 04.03.01 C813e | ||
| 100 | 1 | |a Sarsfield, Rodolfo |9 4432 | |
| 245 | 1 | 3 | |a La democracia controvertida. |b Debates y acuerdos en la teoría democrática contemporánea |c Romer Cornejo |
| 260 | |a Buenos Aires: |b CLACSO. CEAA | ||
| 300 | |a páginas 389-418 | ||
| 440 | |9 4564 |a Colección Sur/Sur | ||
| 650 | |a DEMOCRACIA | ||
| 650 | 1 | 0 | |a GRUPOS DE INTERESES |9 3366 |
| 650 | 1 | 0 | |a ELECCIONES |9 306 |
| 650 | 4 | |a PARTICIPACION POLITICA |9 3207 | |
| 700 | |a | ||
| 700 | |a Román Zaval, Alfredo | ||
| 700 | |a León, José Luis | ||
| 700 | |a Ramírez Bonilla, Juan José | ||
| 700 | |a González Fuentes, Sonia | ||
| 700 | |a Sarfield, Rodolfo | ||
| 700 | |a Varela, Hilda | ||
| 700 | |a Conejo, Romer | ||
| 700 | |a Galindo, Alendra | ||
| 700 | |a Westerm, Wilda C. | ||
| 942 | |2 ddc |c LI | ||
| 773 | 0 | |0 3505 |9 690 |a Cornejo, Romer |d Buenos Aires: CLACSO. CEAA |o 02572 |t En los intersticios de la democracia y el autoritarismo: |w (cru CIDCACS/IIS)34492 |z 9871183607 | |
| 999 | |c 19279 |d 19279 | ||



